000
nam a22 7a 4500
999
_c
43835
_d
43835
003
OSt
005
20180224170033.0
008
180224b xxu||||| |||| 00| 0 eng d
040
_c
SERO SOFT
100
_a
AHUJA,RAM
245
_a
SAMAJIK SAMASAYAA
260
_a
NEW DELHI
_b
RAWAT PUBLICATION
300
_a
482
942
_2
ddc
_c
02